000 01202nam a2200301 i 4500
001 190414
003 ES-MaACL
005 20240510193409.0
008 210323s2017 sp a 001 pdspa d
020 _a978-84-947111-3-8
080 _a82-14"19/20"(082.2)
245 0 0 _aI Bienal "Ángel Crespo" poesía y traducción:
_bCalaceite, Teruel, 30 de junio-2 de julio de 2017 /
_c[edición de Pilar Gómez Bedate, Miguel Losada y Jordi Doce].
260 _a[Madrid] :
_bEdiciones de la Revista Áurea,
_c[2017]
300 _a46 p. :
_bil. ;
_c24 cm.
546 _aLos poemas escritos en otras lenguas aparecen en su lengua original y traducidos al español.
650 0 4 _aPoesía-
_yS.XX
_916200
650 7 _aPoesía-
_yS.XXI
_2
_9147673
700 1 _aGómez Bedate, Pilar,
_d1936-2017
_957833
700 1 _aLosada, Miguel
_974261
700 1 _aDoce, Jordi.
_944954
700 1 _aCrespo, Ángel,
_d1926-1995
_941513
740 0 2 _aRevista áurea.
852 4 _aES-MaACL
_jA-14613
_9197591
_bR,152032
_cDEPO1
_dOlim: N-7613
_hDonación: Miguel Losada
903 _974261
_aLosada, Miguel
_ednr
942 _2udc
_cMONOGRAFIA
999 _c190414
_d190414